01521na a2200385 450000100060000000300080000600500170001400800410003102000150007202200140008703500100010104000250011104100130013608200310014909000300018010000460021022200300025624501120028624600340039824600350043226000600046730000530052731000130058049000440059350000430063750000470068050000700072754600580079765000440085565100510089971000450095094200130099595201120100899900150112015113MIRAKIL20181213155014.0160903b tu 000 0  a9751928141 a0082-691X a15113 aMilasbturcTR-AnCHP aturaeng aDAN 315.61 2000bT95i 2001 aDAN 315.61 2000 T95i 2001 aDevlet İstatistik Enstitüsü (DİE) aİstatistik yıllığı aTürkiye istatistik yıllığıb2000 = Statistical yearbook of TurkeycDevlet İstatistik Enstitüsü aTurkey's statistical yearbook aStatistical yearbook of Turkey aAnkarabDevlet İstatistik Enstitüsü (DİE)c2001 avii, 742 s.brnkl. res.,tbl., grf., hrt.c29 sm. aYıllık aDevlet İstatistik Enstitüsüv2466 aDerginin elektronik ortamı mevcuttur. a2007 yılı itibarıyla ciltler 24 sm.dir. aKurum adı "Türkiye İstatistik Kurumu (TÜİK)" olmuştur. aKitap Türkçe ve İngilizce karşılıklıdır.  aİstatistiklerxYıllıklarzTürkiye aTürkiyexİstatistiklerySüreli yayınlar aTürkiye İstatistik Kurumu (TÜİK) 2dcccBKS a0001b0001d2016-09-03e2l0oDAN 315.61 2000 T95i 2001p002523r2016-09-03 00:00:00v0.00w2016-09-03yBKS c4661d4661